White in the Answers #1 - Statistics

General Stats
  • This quiz has been taken 109,695 times
    18,722 since last reset
  • The average score is 13 of 20
Answer Stats
Clue Answer % Correct
Where the U.S. President lives White House
100%
Friend of the Seven Dwarfs Snow White
99%
What Alice chased down a hole White rabbit
94%
Indicates surrender White flag
92%
The sound of static White noise
87%
"I'm dreaming of a _____ _______ Just like the ones I used to know" White Christmas
84%
An innocuous falsehood White lie
82%
Job not involving physical labor White collar
80%
What Moby Dick was called White whale
80%
A blizzard that reduces visibility to near zero Whiteout
64%
Residential telephone directory White pages
61%
Riesling, for example White wine
61%
A burdensome gift White elephant
54%
It joins with its Blue counterpart near Khartoum White Nile
47%
Jack White & Meg White The White Stripes
40%
Book by Jack London about a wolf/dog hybrid White Fang
38%
You can find it north of Russia, bordering the city of Arkhangelsk White Sea
38%
Company which operated the RMS Titanic {White} {Star} Line
35%
What Tom Sawyer used to paint a fence Whitewash
34%
London road which is home to many government offices Whitehall
27%
No matching quizzes found
Score Distribution
Percent of People with Each Score
Percentile by Number Answered
Your Score History
You have not taken this quiz since the last reset